00429nam a2200145Ia 4500100001500000942000700015654002600022245006000048260003300108082001300141300000800154546001200162999001700174952009200191 aShah/M.M.  cBK aDesign of electronics aDesign of Electronics circuits & computer aided design bNew Age Int (P) Ltdc1993 a621.3815 a234 aENGLISH c21996d21996 001040708CRCaCRCEbCRCEd2023-03-17l0o621.3815 p5123r2023-03-17w2023-03-17yBK